Brief calculus for management and the life and social sciences / (Record no. 8990)
[ view plain ]
| 000 -LEADER | |
|---|---|
| fixed length control field | 00856pam a2200289 a 4500 |
| 001 - CONTROL NUMBER | |
| JCCL Control Number | 8990 |
| 003 - CONTROL NUMBER IDENTIFIER | |
| JCCL marc code | BD-JhCC |
| 005 - DATE AND TIME OF LATEST TRANSACTION | |
| control field | 20180306131240.0 |
| 008 - FIXED-LENGTH DATA ELEMENTS--GENERAL INFORMATION | |
| fixed length control field | 890824s1990 ilua 001 0 eng |
| 020 ## - INTERNATIONAL STANDARD BOOK NUMBER | |
| International Standard Book Number | 0256082502 |
| 035 ## - SYSTEM CONTROL NUMBER | |
| system control number | (BD-JhCC)8990 |
| 040 ## - CATALOGING SOURCE | |
| Original cataloging agency | DLC |
| Transcribing agency | DLC |
| Modifying agency | DLC |
| -- | BD-JhCC |
| 041 ## - LANGUAGE CODE | |
| Language code of Book | eng |
| 050 00 - LIBRARY OF CONGRESS CALL NUMBER | |
| Classification number | QA303 |
| Item number | .S83 1990 |
| 082 00 - DEWEY DECIMAL CLASSIFICATION NUMBER | |
| Classification number | 515 |
| DDC Edition number | 20 |
| Author mark and Year | STA 1990 |
| 100 1# - MAIN ENTRY--PERSONAL NAME | |
| Personal name | Stancl, Donald L. |
| 245 10 - TITLE STATEMENT | |
| Title | Brief calculus for management and the life and social sciences / |
| Statement of responsibility, etc | Donald L. Stancl, Mildred L. Stancl. |
| 250 ## - EDITION STATEMENT | |
| Edition statement | 2nd ed. |
| 260 ## - PUBLICATION, DISTRIBUTION, ETC. (IMPRINT) | |
| Place of publication, distribution, etc | Homewood, IL : |
| Name of publisher, distributor, etc | Irwin, |
| Date of publication, distribution, etc | c1990. |
| 300 ## - PHYSICAL DESCRIPTION | |
| Pagination | xviii, 601 p. : |
| Other physical details | ill. ; |
| Dimensions | 24 cm. |
| 440 #4 - | |
| Title | The Irwin series in quantitative analysis for business |
| 440 #0 - | |
| Title | Applied college mathematics series |
| 650 #0 - SUBJECT ADDED ENTRY--TOPICAL TERM | |
| Topical term or geographic name as entry element | Calculus. |
| 700 1# - ADDED ENTRY--PERSONAL NAME | |
| Personal name | Stancl, Mildred L. |
| 942 ## - ADDED ENTRY ELEMENTS (KOHA) | |
| Source of classification or shelving scheme | Dewey Decimal Classification |
| Koha item type | Books |
| Source of classification or shelving scheme | Damaged status | Not for loan | Home library | Current library | Shelving location | Total Checkouts | Full call number | Barcode | Date last seen | Copy number | Koha item type |
|---|---|---|---|---|---|---|---|---|---|---|---|
| Dewey Decimal Classification | JCC Rouf Library | JCC Rouf Library | General Stacks | 515 STA 1990 | 11067 | 03/06/2018 | C - 1 | Books |